Vientos de rebelión en Michoacán (Record no. 5672)
[ view plain ]
| 000 -CABECERA | |
|---|---|
| campo de control de longitud fija | 01164nam a2200253 a 4500 |
| 001 - NÚMERO DE CONTROL | |
| campo de control | BRCA_5983 |
| 005 - FECHA Y HORA DE LA ÚLTIMA TRANSACCIÓN | |
| campo de control | 20190320205304.0 |
| 008 - DATOS DE LONGITUD FIJA--INFORMACIÓN GENERAL | |
| campo de control de longitud fija | 290311s2010----mx-a######---#000-0#spa-# |
| 020 ## - NÚMERO INTERNACIONAL ESTÁNDAR DEL LIBRO | |
| Número Internacional Estándar del Libro | 9786077764519 |
| 041 ## - CÓDIGO DE LENGUA | |
| Código de lengua del texto/banda sonora o título independiente | spa |
| 044 ## - CÓDIGO DEL PAÍS DE LA ENTIDAD EDITORA/PRODUCTORA | |
| Código MARC del país | mx |
| 050 #4 - SIGNATURA TOPOGRÁFICA DE LA BIBLIOTECA DEL CONGRESO | |
| Número de clasificación | F1231.5 |
| Número de documento/Ítem | .V54 2010 |
| 245 10 - MENCIÓN DE TÍTULO | |
| Título | Vientos de rebelión en Michoacán |
| Resto del título | continuidad y ruptura en la Revolución Mexicana |
| Mención de responsabilidad, etc. | Verónica Oikión Solano, Martín Sánchez Rodríguez, coordinadores. |
| 260 ## - PUBLICACIÓN, DISTRIBUCIÓN, ETC. | |
| Lugar de publicación, distribución, etc. | México |
| Nombre del editor, distribuidor, etc. | El Colegio de Michoacán : Gobierno del Estado de Michoacán, Secretaría de Cultura |
| Fecha de publicación, distribución, etc. | 2010 |
| 300 ## - DESCRIPCIÓN FÍSICA | |
| Extensión | 315 p. |
| Otras características físicas | il. (algunas a color) |
| Dimensiones | 29 cm. |
| Material acompañante/anejo | 1 CD con ISBN 9786077764533 (2do. ejemplar en el Área de Investigación) |
| 500 ## - NOTA GENERAL | |
| Nota general | Incluye índice de ilustraciones, índice onomástico e índice toponímico |
| 500 ## - NOTA GENERAL | |
| Nota general | 2do. ejemplar en el Área de Investigación |
| 504 ## - NOTA DE BIBLIOGRAFÍA, ETC. | |
| Nota de bibliografía, etc. | Bibliografía: p. 273-281 |
| 651 #4 - PUNTO DE ACCESO ADICIONAL DE MATERIA--NOMBRE GEOGRÁFICO | |
| Nombre geográfico | Michoacán |
| Subdivisión general | Historia |
| Subdivisión cronológica | Revolución, 1910-1917 - Celebración del centenario |
| 9 (RLIN) | 15112 |
| 651 #4 - PUNTO DE ACCESO ADICIONAL DE MATERIA--NOMBRE GEOGRÁFICO | |
| Nombre geográfico | Michoacán |
| Subdivisión general | Historia |
| Subdivisión cronológica | Siglo XX |
| 9 (RLIN) | 15113 |
| 700 1# - PUNTO DE ACCESO ADICIONAL--NOMBRE DE PERSONA | |
| Nombre de persona | Oikión Solano, Verónica |
| Término indicativo de función/relación | coord. |
| 9 (RLIN) | 15114 |
| 700 1# - PUNTO DE ACCESO ADICIONAL--NOMBRE DE PERSONA | |
| Nombre de persona | Sánchez Rodríguez, Martín |
| Término indicativo de función/relación | coord. |
| 9 (RLIN) | 15115 |
| 942 ## - ELEMENTOS DE PUNTO DE ACCESO ADICIONAL (KOHA) | |
| Fuente del sistema de clasificación o colocación | Library of Congress Classification |
| Tipo de ítem Koha | Libros |
| Estado de retiro | Estado de pérdida | Estado dañado | No para préstamo | Localización permanente | Ubicación/localización actual | Fecha de adquisición | Total de préstamos | Signatura topográfica completa | Código de barras | Fecha visto por última vez | Precio válido a partir de | Tipo de ítem Koha | Código de colección |
|---|---|---|---|---|---|---|---|---|---|---|---|---|---|
| El ejemplar forma parte de la colección y puede ser consultado según las políticas vigentes. | Biblioteca del Museo Franz Mayer (Rogerio Casas-Alatriste) | Biblioteca del Museo Franz Mayer (Rogerio Casas-Alatriste) | 28/03/2011 | F1231.5 .V54 2010 | 02548 | 22/03/2019 | 22/03/2019 | Libros | |||||
| El ejemplar forma parte de la colección y puede ser consultado según las políticas vigentes. | Biblioteca del Museo Franz Mayer (Rogerio Casas-Alatriste) | Biblioteca del Museo Franz Mayer (Rogerio Casas-Alatriste) | 02/02/2012 | F1231.5 .V54 2010 | 02654 | 22/03/2019 | 22/03/2019 | Libros | Acervo General |